000 01270nam a2200325 i 4500
003 EG-GICUC
005 20260121101451.0
008 251210s1977 ua ||||fr|||| 00| 0 ara d
017 _a١٩٧٧/٤٩٤٣
020 _a۹۷۷ ۲۰۱ ٤٠٢
040 _a EG-GICUC
_bara
_c EG-GICUC
_d EG-GICUC
_erda
041 0 _aara
082 0 4 _221
_a345.32322
_bم ح . س
092 0 4 _221
099 _aLaw1 07 345.32322 م ح . س 1977
100 0 _aمحمد محمد خليل
_eمؤلف.
245 1 0 _aشرح التشريعات السياحية والفندقية /
_cالمستشار محمد محمد خليل.
264 1 _aالقاهرة :
_bالهيئة المصرية العامة للكتاب،
_c1977.
300 _a106 ؛صفحة
_c24 سم.
336 _2rda content
_atext
337 _2rda media
_aComputer
338 _2rda carrier
_aOnline Resource
504 _aيشتمل على إرجاعات ببليوجرافية.
546 _aالنص أغلبه باللغة العربية مع بعض النصوص الإنجليزية
650 1 4 _aالمنشات السياحية ومرافقها
650 1 4 _aالقانون الإداري
856 4 0 _uhttps://fll.law.cu.edu.eg/fulltext/bks/B07-01386.pdf
905 _a32
_eYara
942 _2ddc
_cBK
_e21
_n0
999 _c49752
_d49752